| 000 | 01012cam a22002778i 4500 | ||
|---|---|---|---|
| 008 | |||
| 020 | _a9781118739068 (hbk.) | ||
| 049 | _aMAIN | ||
| 090 |
_aREF T175 _bHAN |
||
| 245 | 0 | 4 |
_aThe handbook of global science, technology, and innovation / _cedited by Daniele Archibugi and Andrea Filippetti. |
| 260 |
_aChichester,West Sussex,UK : _bJohn Wiley & Sons, _c2015. |
||
| 300 |
_axv, 607 p. : _bill. ; _c26 cm. |
||
| 440 | 0 | _aHgp - handbooks of global policy | |
| 500 | _aIncludes index. | ||
| 504 | _aIncludes bibliographical references. | ||
| 650 | 0 |
_aResearch _xIndustrial _vHandbooks, manuals, etc. |
|
| 650 | 0 |
_aTechnology transfer _vHandbooks, manuals, etc. |
|
| 650 | 7 |
_aPOLITICAL SCIENCE / International Relations / Trade & Tariffs. _2bisacsh |
|
| 700 | 1 | _aArchibugi, Daniele. | |
| 700 | 1 | _aFilippetti, Andrea. | |
| 907 |
_a.b10378157 _b21-02-17 _c20-02-17 |
||
| 003 | |||
| 005 | 20230123122241.0 | ||
| 040 | _cNUST | ||
| 942 |
_cBOOKS _kREF T175 _mHAN |
||
| 999 |
_c130397 _d130397 |
||